Animal Clichés Quiz Stats

 Plays Quiz Updated Nov 3, 2015

Also try: Sporcle Crossing!
Challenge
Share
Tweet
Embed
Score 0/40 Timer 07:00
5 Plays Today
% Correct
cats
95.6%
alligator
95.4%
bed bugs
95.2%
butterflies
95.1%
goose
94.2%
worm
94.2%
snail
93.8%
flies
93.6%
rabbit
93.5%
pigs
93.4%
chickens
93.1%
turkey
92.5%
leopard
92.4%
birds
92.3%
elephant
92.3%
sheep
92.1%
sardines
92.1%
frog
91.8%
mole
91.2%
squirrel
91%
% Correct
camel
90.4%
horse
89.2%
bull
89.2%
rat
88.8%
monkeys
87.8%
bird
87.3%
cow
87.2%
ducks
86.9%
dogs
86.6%
wolf
85.4%
crocodile
84.8%
fish
82.9%
bear
82.8%
crow
82.7%
bats
79.6%
hare
78.9%
dodo
78.3%
possum
77.6%
mouse
77%
grasshopper
75.2%

You're not logged in!

Compare scores with friends on all Sporcle quizzes.
Join for Free
OR
Log In

You Might Also Like...

Show Comments

Extras

Top Quizzes Today


Score Distribution

Your Account Isn't Verified!

In order to create a playlist on Sporcle, you need to verify the email address you used during registration. Go to your Sporcle Settings to finish the process.

Report this User

Report this user for behavior that violates our Community Guidelines.

Details: